Un estudio sobre exámenes universitarios
Gespeichert in:
| Hauptverfasser: | , , , , |
|---|---|
| Format: | Buch |
| Sprache: | Spanisch |
| Veröffentlicht: |
Paraná
Universidad Nacional del Litoral
1963
|
| Schlagworte: | |
| Tags: |
Tag hinzufügen
Keine Tags, Fügen Sie den ersten Tag hinzu!
|
MARC
| LEADER | 00000nam a2200000 a 4500 | ||
|---|---|---|---|
| 001 | UCU0967 | ||
| 003 | CL-VaPUC | ||
| 008 | 960329e19630000AG |||||||||||||||||spa|d | ||
| 082 | 0 | 4 | |a 371.26 |b GAR |2 21 |
| 100 | 0 | |a Garo, Mario |e author |9 356500 | |
| 700 | 0 | |a Sena, M |e author |9 356501 | |
| 700 | 0 | |a Martin, M. I |e author |9 356502 | |
| 700 | 0 | |a Mangia, J |e author |9 356503 | |
| 700 | 0 | |a Olivera, S |e author |9 356504 | |
| 245 | 1 | 3 | |a Un estudio sobre exámenes universitarios |
| 300 | |a 80 p | ||
| 942 | |c BK | ||
| 945 | |d 19960329 00:00:00 |a lriquelm | ||
| 260 | |a Paraná |b Universidad Nacional del Litoral |c 1963 | ||
| 650 | 0 | |a Universidades |9 256317 | |
| 650 | 0 | |a Educación superior |9 223851 | |
| 650 | 0 | |a Evaluación de la educación |9 237505 | |
| 650 | 7 | |a MEDICION EDUCACIONAL |2 CL-VaPUC |9 343534 | |
| 650 | 0 | |a Exámenes |9 340201 | |
| 583 | |a last modification |c 19960329 00:00:00 |k Rodrigo Vera | ||
| 999 | |c 245741 |d 245739 | ||
| 952 | |0 0 |1 0 |4 0 |6 371_260000000000000_GAR_1963 |7 0 |8 P |9 260332 |a BIBEDU |b BIBEDU |c BIBEDU_PB |d 2019-11-19 |i 1635638 |o 371.26 GAR 1963 |p 1635638 |r 2024-01-25 |w 2019-11-19 |y BK |k EDU | ||